What was the Titanic? / (Record no. 1054)

MARC details
000 -LEADER
fixed length control field 01608nam a22003017a 4500
005 - DATE AND TIME OF LATEST TRANSACTION
control field 20230719132240.0
020 ## - INTERNATIONAL STANDARD BOOK NUMBER
International Standard Book Number 9780515157260 (pbk)
020 ## - INTERNATIONAL STANDARD BOOK NUMBER
International Standard Book Number 9780515157284 (hc)
040 ## - CATALOGING SOURCE
Original cataloging agency PSt/DLC
Language of cataloging eng
Transcribing agency PSt
Description conventions rda
Modifying agency DLC
050 00 - LIBRARY OF CONGRESS CALL NUMBER
Classification number G530.T6
Item number .S25 2018
082 00 - DEWEY DECIMAL CLASSIFICATION NUMBER
Classification number 910.9163/4
Edition number 23
100 1# - MAIN ENTRY--PERSONAL NAME
Personal name Sabol, Stephanie,
Relator term author.
245 10 - TITLE STATEMENT
Title What was the Titanic? /
Statement of responsibility, etc. by Stephanie Sabol ; illustrated by Gregory Copeland.
260 ## - PUBLICATION, DISTRIBUTION, ETC.
Place of publication, distribution, etc. New York :
Name of publisher, distributor, etc. Penguin,
Date of publication, distribution, etc. 2018.
300 ## - PHYSICAL DESCRIPTION
Extent 108 pages :
Other physical details illustrations ;
Dimensions 20 cm
490 0# - SERIES STATEMENT
Series statement What was?
505 0# - FORMATTED CONTENTS NOTE
Formatted contents note U<br/>
520 ## - SUMMARY, ETC.
Summary, etc. "For more than 100 years, people have been captivated by the disastrous sinking of the Titanic that claimed over 1,500 lives. Now young readers can find out why the great ship went down and how it was discovered seventy-five years later. At 2:20 a.m. on April 15, 1912, the Royal Mail Steamer Titanic, the largest passenger steamship of this time, met its catastrophic end after crashing into an iceberg. Of the 2,240 passengers and crew onboard, only 705 survived. More than 100 years later, today's readers will be intrigued by the mystery that surrounds this ship that was originally labeled 'unsinkable'."--Provided by publisher.
521 1# - TARGET AUDIENCE NOTE
Target audience note 820<br/>
Source Lexile <br/>
521 1# - TARGET AUDIENCE NOTE
Target audience note U <br/>
Source Raz-Plus
650 #0 - SUBJECT ADDED ENTRY--TOPICAL TERM
Topical term or geographic name entry element Shipwrecks
Geographic subdivision North Atlantic Ocean
General subdivision History
Chronological subdivision 20th century
Form subdivision Juvenile literature.
650 #1 - SUBJECT ADDED ENTRY--TOPICAL TERM
Topical term or geographic name entry element Shipwrecks
Geographic subdivision North Atlantic Ocean.
700 1# - ADDED ENTRY--PERSONAL NAME
Personal name Copeland, Gregory,
Relator term illustrator.
906 ## - LOCAL DATA ELEMENT F, LDF (RLIN)
a 7
b cbc
c orignew
d 1
e ecip
f 20
g y-gencatlg
942 ## - ADDED ENTRY ELEMENTS (KOHA)
Source of classification or shelving scheme Dewey Decimal Classification
Koha item type Books
Suppress in OPAC No
999 ## -
-- 1054
-- 1054
Holdings
Withdrawn status Lost status Source of classification or shelving scheme Damaged status Not for loan Collection Home library Current library Shelving location Date acquired Total Checkouts Full call number Barcode Date last seen Date last checked out Price effective from Koha item type
    Dewey Decimal Classification     Non-Fiction Footprints International School Library Network Toul Kork Campus Footprints International School Library Network Toul Kork Campus A TK Campus, 4th Floor, Room B401, Non-Fiction Bookcases(7-8) 07/19/2023 1 SAB 910.9163 G530.S25 2023-0127 01/09/2025 12/13/2024 07/19/2023 Books